000 00494nam a2200193Ia 4500
005 20140402154723.0
008 140130s9999 xx 000 0 und d
020 _a0590467522
050 _aPZ 7
_b.M478693Ru 1998
100 _aMcKissack, Patricia
_931367
245 _cPatricia McKissack.
_aRun Away Home :
_band be free /
260 _bScholastic,
_c1998.
_aUSA :
300 _a160 p. :
_c19 cm.
440 _v1
521 _aG6
526 _c810
942 _cBK
_2lcc
999 _c41186
_d41186